1763 1724 1077 1399 1746 1252 1107 1983 1174 1966 1966 1115 1986 1965 1257 1865 1522 1235 1828 1271 1631 1048 1649 1625 1884 1999 1622 1095 1562 1604 1448 1839 1056 1569 1708 1457 1362 1077 1536 1834 1293 1269 1946 1523 1424 1327 1594 1843 1239 1534 1252 1285 1497 1626 1065 1454 1291 1273 1087 1745 1922 1383 1238 1166 1637 1424 1692 1503 1071 1222 1588 1495 1399 1116 1564 1997 1935 1001 1605 1650 1868 1131 1783 1748 1765 1992 1646 1232 1254 1531 1211 1303 1908 1317 1471 1756 1041 1898 1523 BCNSPRNW ULIB Ver.6.0+V

เปลี่ยนเป็นภาษาไทย

Change to English
 แสดงรายละเอียดบรรณานุกรม
  กลับหน้าหลัก

Brief Record : Get Marc (ISO 2709) : E-mail record : QR code < ปิดหน้าต่าง
LEADER : 00000nam 2200000uu 4500
001    13399114912
003     ULIB
008    120621s2010||||th 000 0 tha d
020    ^a0195568176 (paperback) ^c^98.50
020    ^a9780195568172 (paperback)
060  4 WY20.5^bL693r
100 1  ^aLiamputtong, Pranee.
245 10 ^aResearch methods in health : ^bfoundations of evidence-based practice / ^cPranee Liamputtong.
250    ^a1st ed.
260    ^a[S.l.] : ^bOxford University Press, USA, ^c2010.
300    ^a516 p. ; ^c26 cm.
520    ^aWritten especially for students across the health professions, Research Methods in Health is an accessible text that provides an introduction to qualitative, quantitative and mixed method research methods. The text shows novice researchers how and when to apply the most appropriate research methodology for their discipline. It provides a variety of examples and relevant case studies to prepare students for using evidence-based practice in their future work as health professionals. Structured to assist learning, students are introduced to qualitative methods first, then quantitative methods, evidence-based practice and systematic review, and mixed methodology and collaborative practices. In the final part, students are shown how to make sense of data and how to present their research findings.
650  4 Research^xMethods
650  4 Health^xResearch
945    ^p2635^l0^i032102
995    Kesorn
999 ^a ใช้งานได้ทุกระบบ
รายการนี้ยังไม่มีแท็ก
คุณยังไม่ได้ล็อกอิน คุณสามารถมีกิจกรรมร่วมกับเว็บไซต์ได้ แต่ต้องล็อกอินก่อน ::
  ล็อกอิน

รายการสื่อสารสนเทศ

ลำดับที่ ประเภท เลขเรียก/บาร์โค้ด สถานที่ สถานะ
- ไม่พบข้อมูล -

BibComment


ยังไม่เคยถูกคอมเมนท์

คอมเมนท์ทรัพยากรรายการนี้
  คอมเมนท์: Research methods..


 Copyright 2026. Bcnsprnw @Library